The Elements of social scientific thinking / (Record no. 18442)
[ view plain ]
| 000 -LEADER | |
|---|---|
| fixed length control field | 00943pam a2200289 a 4500 |
| 001 - CONTROL NUMBER | |
| control field | 016176762 |
| 003 - CONTROL NUMBER IDENTIFIER | |
| control field | OSt |
| 005 - DATE AND TIME OF LATEST TRANSACTION | |
| control field | 20201128021104.0 |
| 008 - FIXED-LENGTH DATA ELEMENTS--GENERAL INFORMATION | |
| fixed length control field | 120920t2014 at ad frb 001 0 eng d |
| 020 ## - INTERNATIONAL STANDARD BOOK NUMBER | |
| International Standard Book Number | 9781285058634 (pbk.) |
| 020 ## - INTERNATIONAL STANDARD BOOK NUMBER | |
| International Standard Book Number | 1285058631 (pbk.) |
| 040 ## - CATALOGING SOURCE | |
| Original cataloging agency | StDuBDS |
| Language of cataloging | eng |
| Transcribing agency | StDuBDS |
| Modifying agency | Uk |
| -- | EG-ScBUE |
| 082 00 - DEWEY DECIMAL CLASSIFICATION NUMBER | |
| Classification number | 300.72 |
| Edition number | 22 |
| Item number | DON |
| 100 1# - MAIN ENTRY--PERSONAL NAME | |
| Personal name | Donovan, Todd |
| 9 (RLIN) | 36175 |
| 245 14 - TITLE STATEMENT | |
| Title | The Elements of social scientific thinking / |
| Statement of responsibility, etc | Todd Donovan, Kenneth Hoover. |
| 250 ## - EDITION STATEMENT | |
| Edition statement | 11th ed., |
| Remainder of edition statement | international ed. |
| 260 ## - PUBLICATION, DISTRIBUTION, ETC. (IMPRINT) | |
| Place of publication, distribution, etc | [Canberra] : |
| Name of publisher, distributor, etc | Wadsworth Cengage Learning, |
| Date of publication, distribution, etc | c.2014. |
| 300 ## - PHYSICAL DESCRIPTION | |
| Extent | xii, 187 p. : |
| Other physical details | charts, tables ; |
| Dimensions | 22 cm. |
| 500 ## - GENERAL NOTE | |
| General note | Includes appendixes. |
| 500 ## - GENERAL NOTE | |
| General note | Index : p. 178-187. |
| 504 ## - BIBLIOGRAPHY, ETC. NOTE | |
| Bibliography, etc | Bibliography : p. 173-176. |
| 650 #0 - SUBJECT ADDED ENTRY--TOPICAL TERM | |
| Topical term or geographic name as entry element | Social sciences |
| General subdivision | Methodology |
| 9 (RLIN) | 784 |
| 653 ## - INDEX TERM--UNCONTROLLED | |
| Resource For college | Pharmacy |
| Arrived date list | October2014 |
| 655 ## - INDEX TERM--GENRE/FORM | |
| Form subdivision | |
| -- | 33728 |
| 700 1# - ADDED ENTRY--PERSONAL NAME | |
| Personal name | Hoover, Kenneth R., |
| Dates associated with a name | 1940- |
| 9 (RLIN) | 36176 |
| 942 ## - ADDED ENTRY ELEMENTS (KOHA) | |
| Source of classification or shelving scheme | Dewey Decimal Classification |
| Call number prefix | 300.72 DON |
| Withdrawn status | Item status | Source of classification or shelving scheme | Damaged status | Not for loan | Vendor | Home library | Current library | Shelving location | Date acquired | Source of acquisition | Cost, normal purchase price | Total Checkouts | Full call number | Barcode | Date last seen | Cost, replacement price | Koha item type | Date last borrowed | Total Renewals |
|---|---|---|---|---|---|---|---|---|---|---|---|---|---|---|---|---|---|---|---|
| Dewey Decimal Classification | Baccah | Central Library | Central Library | First floor | 09/10/2014 | 360.00 | 300.72 DON | 000036553 | 15/07/2025 | 450.00 | NB - Book (Non borrowing) | ||||||||
| Dewey Decimal Classification | Baccah | Central Library | Central Library | First floor | 09/10/2014 | 360.00 | 300.72 DON | 000036554 | 15/07/2025 | 450.00 | Book - Borrowing | ||||||||
| Dewey Decimal Classification | Baccah | Central Library | Central Library | First floor | 09/10/2014 | 360.00 | 1 | 300.72 DON | 000036555 | 15/07/2025 | 450.00 | Book - Borrowing | 07/04/2015 | ||||||
| Dewey Decimal Classification | Baccah | Central Library | Central Library | First floor | 09/10/2014 | 360.00 | 1 | 300.72 DON | 000036556 | 15/07/2025 | 450.00 | Book - Borrowing | 29/03/2015 | ||||||
| Dewey Decimal Classification | Baccah | Central Library | Central Library | First floor | 09/10/2014 | 360.00 | 300.72 DON | 000036557 | 15/07/2025 | 450.00 | Book - Borrowing | ||||||||
| Dewey Decimal Classification | Baccah | Central Library | Central Library | First floor | 09/10/2014 | 360.00 | 300.72 DON | 000036558 | 15/07/2025 | 450.00 | Book - Borrowing | ||||||||
| Dewey Decimal Classification | Baccah | Central Library | Central Library | First floor | 09/10/2014 | 300.72 DON | 000036559 | 15/07/2025 | Book - Borrowing | ||||||||||
| Dewey Decimal Classification | Baccah | Central Library | Central Library | First floor | 09/10/2014 | 300.72 DON | 000036560 | 15/07/2025 | Book - Borrowing | ||||||||||
| Dewey Decimal Classification | Baccah | Central Library | Central Library | First floor | 09/10/2014 | 1 | 300.72 DON | 000036561 | 20/01/2026 | Book - Borrowing | 02/12/2025 | 2 | |||||||
| Dewey Decimal Classification | Baccah | Central Library | Central Library | First floor | 09/10/2014 | 300.72 DON | 000036562 | 15/07/2025 | Book - Borrowing |